The CADCAM process
Αποθηκεύτηκε σε:
| Κύριος συγγραφέας: | |
|---|---|
| Μορφή: | Βιβλίο |
| Γλώσσα: | English |
| Δημοσίευση: |
London :
Pitman,
1988.
|
| Θέματα: | |
| Ετικέτες: |
Προσθήκη ετικέτας
Δεν υπάρχουν, Καταχωρήστε ετικέτα πρώτοι!
|
MARC
| LEADER | 00000cam a2200000 i 4500 | ||
|---|---|---|---|
| 001 | 1/80399 | ||
| 008 | 960606s1988 enk| ||| |||| ||eng|| | ||
| 020 | |a 0273025724 | ||
| 035 | |a 1988 |b 3 |c Αγορά/Ανθουλιάς |l 10033436 | ||
| 040 | |a GR-MYUA |b gre |e AACR2 | ||
| 041 | 0 | |a eng | |
| 082 | 0 | |a 670.427 | |
| 100 | 1 | |a Hawkes, Barry. | |
| 245 | 1 | 4 | |a The CADCAM process / |c Barry Hawkes. |
| 260 | |a London : |b Pitman, |c 1988. | ||
| 300 | |a 275 p. | ||
| 650 | 0 | |a CAD/CAM systems. | |
| 650 | 0 | |a Manufacturing processes |x Automation. | |
| 650 | 0 | |a Industrial design |x Data processing. | |
| 852 | |a INST |b RHODES |e 19960606 |h 670.427 HAW |p 005400003053 |q 005400003053 |t BK |y 0 | ||